000
00328nam a22001457a 4500
008
210303b ||||| |||| 00| 0 eng d
020
_a
9781285172255
041
_a
eng
080
_a
004
082
_a
004
100
_a
28
101
_a
SHKI
245
_a
Comprehensive Microsoft Excel 2013
_c
Parsons, J. J
942
_2
udc
_c
BK
999
_c
55675
_d
55675